Times do Sudeste no Ranking Nacional de Clubes da CBF - Statistics

Estatísticas Gerais
  • Esse quiz foi jogado 77 vezes
  • A pontuação média é 16 de 20
Estatísticas das Respostas
Estado Divisão Resposta % Correto
MG Série A Atlético Mineiro
100%
SP Série A Corinthians
100%
RJ Série A Flamengo
100%
RJ Série A Fluminense
100%
SP Série A São Paulo
100%
RJ Série A Botafogo
98%
SP Série A Palmeiras
98%
MG Série A Cruzeiro
97%
RJ Série A Vasco da Gama
97%
SP Série A Red Bull Bragantino
95%
MG Série B América Mineiro
93%
SP Série A Santos
92%
SP Série A Mirassol
63%
RJ Série C Volta Redonda
62%
SP Série B Ponte Preta
57%
SP Série C Guarani
55%
SP Série B Novorizontino
52%
MG Série D Tombense
52%
SP Série B Botafogo-SP
48%
SP Série C Ituano
48%
Nenhum quiz correspondente encontrado
Distribuição das Pontuações
Porcentagem de Pessoas com Cada Pontuação
Percentil de Números Respondidos
Sua Pontuação Histórica
Você não jogou esse quiz